Statistiques concernant Focus sur: Arthur Weasley - Harry Potter

Cliquez ici pour prendre le quiz!

Statistiques générales

  • Ce quiz a été pris 482 fois
    (262 depuis la dernière actualisation)
  • Le résultat moyen est 16 sur 20

Statistiques - réponses

Informations recherchéesRéponses% Correct
Ecole fréquentéePoudlard
99%
Première apparitionHarry Potter et la Chambre des secrets
98%
FrèreBilius Weasley
97%
FilsBill Weasley
97%
FilsFred Weasley
97%
FilsGeorge Weasley
97%
FilleGinny Weasley
97%
Maison fréquentéeGryffondor
97%
ÉpouseMolly Weasley
97%
FilsRon Weasley
97%
Couleur des cheveuxRoux
97%
Statut du sangSang-Pur
97%
FilsPercy Weasley
96%
FilsCharlie Weasley
93%
Lieu de rencontre avec Harry PotterTerrier
90%
ProfessionEmployé au ministère de la Magie
79%
PatronusBelette
45%
Acteur l'interprétant dans les filmsMark Williams
24%
PèreSeptimus Weasley
14%
MèreCedrella Weasley
13%

Distribution des résultats

Percentile par nombre de réponses

% des personnes avec chaque résultat

Votre développement - résultats

Vous n’avez pas pris ce quiz depuis la dernière actualisation